Carrapicho (Record no. 121464)
[ view plain ]
| 000 -LÍDER | |
|---|---|
| campo de controle de tamanho fixo | 01708 a2200205 4500 |
| 001 - NÚMERO DE CONTROLE | |
| campo de controle | 121464 |
| 020 ## - ISBN - INTERNATIONAL STANDARD BOOK NUMBER | |
| ISBN - International Standard Book Number | 9788577431250 |
| 040 ## - FONTE DA CATALOGAÇÃO | |
| Instituição que transcreveu o registro | Escola Canadense de Niteroi |
| 090 ## - NÚMERO DE CHAMADA LOCAL | |
| Número de chamada (OCLC) (R); Número de chamada, CALL (RLIN) (NR) | LUE - C1 |
| 100 ## - ENTRADA PRINCIPAL--NOME PESSOAL | |
| Nome pessoal | Luedemann, Cecília da Silveira |
| 245 10 - TÍTULO | |
| Título | Carrapicho |
| 250 ## - EDIÇÃO | |
| Edição | 1. ed. |
| 260 ## - PUBLICAÇÃO, DISTRIBUIÇÃO, ETC. | |
| Local de publicação, distribuição, etc. | São Paulo |
| 300 ## - DESCRIÇÃO FÍSICA | |
| Extensão | 63 p. |
| Outros detalhes físicos | il. |
| Dimensões | 7 x 24 cm (brochura) |
| 362 0# - DATAS DE PUBLICAÇÃO E/OU DESIGNAÇÃO SEQUENCIAL | |
| Datas de publicação e/ou designação sequencial | 2009 |
| 520 ## - NOTA DE RESUMO, ETC | |
| Resumo, etc. | Vim de longe pra segredar outros entendimentos na leitura desta lindura da Carrapicho. Não quero contar para todo mundo esses segredos guardados por muito tempo. Sobre mudanças acontecidas no mundo, só por conta das crianças. Só conto para crianças! Adultos, por favor, pulem as próximas páginas. A leitura e a prosa agora é com quem brinca, ri, sapeca, moleca, se lambuza e pede bis. É só bater os olhos nas primeiras linhas prá sentir um comichão: mudar pra vila Ventania e viver na inventação, com gostosuras e como amigos - irmãos... Aviso pro leitor: nem pense que só vai ler devagarando, páginas sobre o bem bom... Logo, fenômenos sem explicação, sumiços e medos, dissequemedisses do mais fundo do oceano profundo galopam pelas páginas e, quando os vendavais comedores de gente dão notícia, não tem como... foi fisgado pela história. Fissurou total. E você, grudado na história e deliciado, que quase toda a escrivinhação soava como música, espantou ouvindo sua voz sair leve e solta, lendo e cantarolando junto... os pés impacientes, marcaram o ritmo das acontecências dadas pelas palavras... aí, você parou e pensou. Não tem como fazer acontecer nada mais emocionante... Ah, tem...! |
| 650 #4 - ASSUNTO--TERMO TÓPICO | |
| Cabeçalho tópico ou nome geográfico | Literatura Infantil |
| 650 #4 - ASSUNTO--TERMO TÓPICO | |
| Cabeçalho tópico ou nome geográfico | Literatura Brasileira |
| 942 ## - ELEMENTOS DE ENTRADA ADICIONADOS (KOHA) | |
| Tipo de material Koha | Livros |
| Situação do descarte | Situação das perdas | Situação física | Não pode ser emprestado | Biblioteca de origem | Biblioteca atual | Data de aquisição | Total de empréstimos | Número de chamada completo | Código de barras | Data de último acesso | Data do preço efetivo | Tipo de material Koha |
|---|---|---|---|---|---|---|---|---|---|---|---|---|
| Canadian School of Niterói - Piratininga | Canadian School of Niterói - Piratininga | 09/02/2024 | LUE - C1 | A06423 | 09/02/2024 | 09/02/2024 | Livros |